000 01243nmm a2200325 a 4500
001 ocm0002146519
003 TR-IsHL
005 20201028183139.0
008 190314s2010 tu tur
007 cr cn
020 _a9789756703939
035 _a2146519
_b(N$T)
050 0 4 _aDR576
_b.S45 2010
090 0 4 _aDR576
_b.S45 2010
100 1 _aŞen, Serdar
245 1 0 _aCumhuriyet kültürünün oluşum sürecinde bir ideolojik aygıt olarak: Silahlı kuvvetler ve modernizim
_h[electronic resource] /
_cSerdar Şen
250 _a3. Baskı
260 _aİstanbul :
_bSu Yayınları,
_c2010
300 _a184 p.
650 4 _aTarih
650 4 _aHistory
650 0 _aSivil-asker ilişkileri
_x Türkiye
650 0 _aCivil-military relations
_x Turkey
650 0 _aTürkiye
_x Silahlı Kuvvetler
_x Siyasi faaliyet
_x Tarih
_x 20. yüzyıl.
650 0 _aTurkey
_x Armed Forces
_x Political activity
_x History
_x 20th century
650 0 _aTürkiye - Politika ve idare - 1909
650 0 _aTurkey
_x Politics and government
_x 1909-
650 7 _aHISTORY / Middle East / Turkey & Ottoman Empire
_2bisacsh
856 4 0 _uhttp://search.ebscohost.com/login.aspx?direct=true&scope=site&db=e011xww&AN=2146519
999 _c20399
_d20399